[Event "Copenhagen BSF IM"]
[Site "Copenhagen"]
[Date "2012.10.14"]
[Round "4"]
[White "Lokander, Martin"]
[Black "Semcesen, Daniel"]
[Result "0-1"]
[WhiteElo "2250"]
[BlackElo "2471"]
[PlyCount "110"]
[EventDate "2012.10.12"]
[EventType "tourn"]
[EventRounds "9"]
[EventCountry "DEN"]
[EventCategory "2"]
[SourceTitle "EXT 2013"]
[Source "ChessBase"]
[SourceDate "2012.11.22"]

1. d4 d5 2. c4 c6 3. Nf3 Nf6 4. Nc3 a6 5. c5 Bf5 6. Nh4 Bc8 7. Nf3 Bf5 8. Nh4
Bg6 9. Nxg6 hxg6 10. Bf4 Nbd7 11. e3 e6 12. h3 Be7 13. Be2 Qc8 14. b4 O-O 15.
O-O Bd8 16. Qc2 Re8 17. Rad1 e5 18. dxe5 Nxe5 19. Rd4 Qf5 20. Qd2 Bc7 21. g4
Qe6 22. Kg2 Re7 23. Re1 Rae8 24. Bg3 g5 25. e4 Ng6 26. Qxg5 Bxg3 27. fxg3 Qc8
28. Bf3 Ne5 29. Qf5 Nxf3 30. Kxf3 Qc7 31. Re2 Re5 32. Qf4 Qe7 33. h4 g5 34.
hxg5 Nh7 35. Qd2 Nxg5+ 36. Kg2 Qe6 37. Qf4 Qg6 38. Rd1 dxe4 39. Re3 Kg7 40. Rd6
f6 41. Rd7+ R8e7 42. Rxe7+ Rxe7 43. Qf5 Qe8 44. a3 Re5 45. Qf1 Qh8 46. Qh1 Qc8
47. Qd1 Re8 48. Qe2 Qe6 49. Nd1 Rd8 50. Nf2 Rd4 51. Nh3 Qd7 52. Qf1 Qxg4 53.
Nxg5 Rd2+ 54. Kh1 Qxg5 55. Rxe4 Qh5+ 0-1

[Event "Copenhagen BSF IM"]
[Site "Copenhagen"]
[Date "2012.10.12"]
[Round "1"]
[White "Nilssen, John Arni"]
[Black "Cederstam Barsk, Carl"]
[Result "1/2-1/2"]
[WhiteElo "2364"]
[BlackElo "2216"]
[PlyCount "66"]
[EventDate "2012.10.12"]
[EventType "tourn"]
[EventRounds "9"]
[EventCountry "DEN"]
[EventCategory "2"]
[SourceTitle "EXT 2013"]
[Source "ChessBase"]
[SourceDate "2012.11.22"]

1. d4 e6 2. c4 Nf6 3. Nc3 Bb4 4. Qc2 O-O 5. a3 Bxc3+ 6. Qxc3 d5 7. Nf3 dxc4 8.
Qxc4 Nc6 9. Bf4 Qd5 10. e3 Bd7 11. Rc1 Rfc8 12. h3 Na5 13. Qb4 Ne4 14. Bd3 b6
15. O-O c5 16. Bxe4 cxb4 17. Bxd5 exd5 18. axb4 Nb3 19. Rxc8+ Rxc8 20. Rd1 Rc2
21. Rd3 Ba4 22. Bb8 a5 23. bxa5 bxa5 24. Bd6 Rxb2 25. Rc3 Rb1+ 26. Kh2 Rc1 27.
Rxc1 Nxc1 28. Bc7 Nb3 29. Ne1 Bb5 30. Nc2 Bd3 31. Na3 a4 32. Kg3 f6 33. h4 Kf7
1/2-1/2

[Event "Copenhagen BSF IM"]
[Site "Copenhagen"]
[Date "2012.10.16"]
[Round "8"]
[White "Nilssen, John Arni"]
[Black "Larsen, Karsten"]
[Result "1-0"]
[WhiteElo "2364"]
[BlackElo "2297"]
[PlyCount "61"]
[EventDate "2012.10.12"]
[EventType "tourn"]
[EventRounds "9"]
[EventCountry "DEN"]
[EventCategory "2"]
[SourceTitle "EXT 2013"]
[Source "ChessBase"]
[SourceDate "2012.11.22"]

1. d4 g6 2. c4 Bg7 3. e4 c5 4. d5 e5 5. Nc3 d6 6. f4 f6 7. Be2 Ne7 8. fxe5 dxe5
9. Be3 Na6 10. a3 O-O 11. b4 cxb4 12. axb4 Nxb4 13. Nf3 f5 14. Bc5 Na6 15. Bf2
Kh8 16. h4 h6 17. Ra3 b6 18. h5 Nc5 19. d6 Nc6 20. Nh4 Nd4 21. Nxg6+ Kg8 22.
Nxf8 Qxf8 23. exf5 Bb7 24. Nb5 Qxf5 25. Nxd4 exd4 26. O-O Qf4 27. Rg3 Ne6 28.
Rg6 Qxd6 29. Bg4 Re8 30. Re1 Bc8 31. Bxd4 1-0

[Event "Copenhagen BSF IM"]
[Site "Copenhagen"]
[Date "2012.10.13"]
[Round "3"]
[White "Nilssen, John Arni"]
[Black "Schou Moldt, Thomas"]
[Result "1/2-1/2"]
[WhiteElo "2364"]
[BlackElo "2226"]
[PlyCount "136"]
[EventDate "2012.10.12"]
[EventType "tourn"]
[EventRounds "9"]
[EventCountry "DEN"]
[EventCategory "2"]
[SourceTitle "EXT 2013"]
[Source "ChessBase"]
[SourceDate "2012.11.22"]

1. d4 d6 2. c4 g6 3. e4 Nf6 4. f3 Bg7 5. Ne2 O-O 6. Bg5 c5 7. d5 Nbd7 8. Nec3
a6 9. a4 h6 10. Be3 Qa5 11. Bd2 Qc7 12. Be2 e6 13. Na3 e5 14. Qc1 Kh7 15. Qc2
Nh5 16. g3 Ndf6 17. Nd1 Bd7 18. Nf2 Qc8 19. Rb1 Qe8 20. a5 b6 21. b4 bxa5 22.
bxc5 dxc5 23. Nd3 Ng8 24. Nxc5 Bc8 25. Qa4 Qe7 26. Qc6 f5 27. d6 Qa7 28. exf5
gxf5 29. d7 Nhf6 30. Be3 Bxd7 31. Qb6 Qxb6 32. Rxb6 Rfb8 33. Nb7 Bc8 34. Nxa5
Bf8 35. Nc2 Rxb6 36. Bxb6 Be6 37. Kd2 e4 38. Nd4 Bb4+ 39. Ke3 exf3 40. Kxf3 Bd7
41. Rb1 Bc3 42. Bd3 Ne4 43. Bxe4 fxe4+ 44. Kxe4 Rb8 45. Nac6 Nf6+ 46. Kd3 Bxd4
47. Nxd4 Ng4 48. c5 Be8 49. Re1 Nxh2 50. Re7+ Kg6 51. Bc7 Rc8 52. Bd6 a5 53.
Re6+ Kh7 54. Kc3 Ng4 55. Re7+ Kg6 56. Ra7 a4 57. Kb4 Ne3 58. Ra6 Nd5+ 59. Ka3
h5 60. c6 Ne3 61. Kxa4 Nf5 62. Nxf5 Kxf5 63. Kb5 Ke6 64. Kc5 Bg6 65. Ra7 Kf5
66. Kb6 Ke4 67. Ra4+ Kd3 68. Kb7 Rxc6 1/2-1/2

[Event "Copenhagen BSF IM"]
[Site "Copenhagen"]
[Date "2012.10.15"]
[Round "6"]
[White "Nilssen, John Arni"]
[Black "Skousen, Nikolai"]
[Result "1/2-1/2"]
[WhiteElo "2364"]
[BlackElo "2198"]
[PlyCount "134"]
[EventDate "2012.10.12"]
[EventType "tourn"]
[EventRounds "9"]
[EventCountry "DEN"]
[EventCategory "2"]
[SourceTitle "EXT 2013"]
[Source "ChessBase"]
[SourceDate "2012.11.22"]

1. d4 d6 2. c4 e5 3. dxe5 dxe5 4. Qxd8+ Kxd8 5. Nc3 c6 6. Nf3 f6 7. Rg1 Be6 8.
e3 h5 9. b3 Nd7 10. Bb2 Kc7 11. Be2 a5 12. Nd2 Ne7 13. h3 h4 14. Nde4 Nc8 15.
Bg4 Bxg4 16. hxg4 Ncb6 17. a4 Be7 18. O-O-O g6 19. Ne2 Rhe8 20. Kc2 f5 21. gxf5
gxf5 22. Nd2 Bf6 23. Rh1 Rh8 24. g3 hxg3 25. Nxg3 f4 26. Nge4 fxe3 27. fxe3
Rxh1 28. Rxh1 Rh8 29. Rxh8 Bxh8 30. Bc3 Nc8 31. Bxa5+ b6 32. Bc3 Nd6 33. Kd3
Nb7 34. b4 Nd8 35. c5 bxc5 36. bxc5 Ne6 37. Kc4 Bg7 38. Nf3 Kb7 39. Ne1 Bf8 40.
Nd3 Bh6 41. Bd2 Bf8 42. Bc3 Bh6 43. Nd6+ Ka7 44. e4 Be3 45. Nb4 Nexc5 46. a5
Ne6 47. Nxc6+ Ka6 48. Nb4+ Ka7 49. Kd5 Nf4+ 50. Kc6 Nb8+ 51. Kb5 Bd4 52. Bxd4+
exd4 53. Kc4 d3 54. Kc3 Nd7 55. Nxd3 Ne6 56. Kb4 Ka6 57. Nc4 Ka7 58. e5 Nd4 59.
Kc3 Nc6 60. e6 Nf8 61. Nce5 Ne7 62. Nc5 Nxe6 63. Nxe6 Ka6 64. Nc4 Nc6 65. Nc7+
Kb7 66. a6+ Kxc7 67. a7 Nxa7 1/2-1/2

[Event "Copenhagen BSF IM"]
[Site "Copenhagen"]
[Date "2012.10.16"]
[Round "8"]
[White "Schou Moldt, Thomas"]
[Black "Cederstam Barsk, Carl"]
[Result "0-1"]
[WhiteElo "2226"]
[BlackElo "2216"]
[PlyCount "86"]
[EventDate "2012.10.12"]
[EventType "tourn"]
[EventRounds "9"]
[EventCountry "DEN"]
[EventCategory "2"]
[SourceTitle "EXT 2013"]
[Source "ChessBase"]
[SourceDate "2012.11.22"]

1. e4 c6 2. d4 d5 3. e5 Na6 4. c3 Nc7 5. Bd3 g6 6. Ne2 h5 7. Nf4 Nh6 8. Nxg6
fxg6 9. Bxg6+ Kd7 10. Bxh5 Ne6 11. Qc2 Kc7 12. Na3 Ng7 13. Bg6 Bf5 14. Bxf5
Ngxf5 15. Bg5 Qd7 16. O-O-O e6 17. Qe2 Bxa3 18. bxa3 Rhg8 19. f4 Nf7 20. Bf6
N7h6 21. Bg5 Nf7 22. Bf6 Rg6 23. g4 Rxf6 24. exf6 N5d6 25. h4 Ne4 26. Qf3 Nxf6
27. Rde1 Ne4 28. Rh2 Nfd6 29. h5 Nc4 30. Rxe4 dxe4 31. Qxe4 Qd6 32. Kb1 Rf8 33.
Rf2 Qxa3 34. Qf3 Rd8 35. Rc2 Rxd4 36. Qe2 Rxf4 37. h6 Qf8 38. Qh2 e5 39. h7
Rf1+ 40. Rc1 Na3+ 41. Kb2 Rf2+ 42. Qxf2 Qxf2+ 43. Kxa3 Qh2 0-1

[Event "Copenhagen BSF IM"]
[Site "Copenhagen"]
[Date "2012.10.13"]
[Round "2"]
[White "Schou Moldt, Thomas"]
[Black "Kenneskog, Theodor"]
[Result "1/2-1/2"]
[WhiteElo "2226"]
[BlackElo "2203"]
[PlyCount "78"]
[EventDate "2012.10.12"]
[EventType "tourn"]
[EventRounds "9"]
[EventCountry "DEN"]
[EventCategory "2"]
[SourceTitle "EXT 2013"]
[Source "ChessBase"]
[SourceDate "2012.11.22"]

1. e4 c5 2. Nf3 d6 3. d4 cxd4 4. Nxd4 Nf6 5. Nc3 a6 6. Be2 e5 7. Nf5 Nxe4 8.
Nxg7+ Bxg7 9. Nxe4 d5 10. Ng3 O-O 11. Nh5 Nc6 12. O-O Bf5 13. Nxg7 Kxg7 14. f4
exf4 15. Rxf4 Bg6 16. b3 Kg8 17. h4 Qd6 18. h5 Qc5+ 19. Kh1 Bxc2 20. Bb2 f5 21.
Qc1 Qd6 22. Rf1 Be4 23. Qg5+ Kf7 24. h6 Ke6 25. Bf3 Qe7 26. Qe3 Rad8 27. Rac1
Qc7 28. Bg7 Rf7 29. Qg5 Qe7 30. Qg3 Rg8 31. Bxe4 dxe4 32. Rfd1 Rfxg7 33. hxg7
Qxg7 34. Qd6+ Kf7 35. Qd5+ Kf6 36. Qd6+ Kf7 37. Qd5+ Kf6 38. Qd6+ Kf7 39. Qd5+
Kf6 1/2-1/2

[Event "Copenhagen BSF IM"]
[Site "Copenhagen"]
[Date "2012.10.15"]
[Round "6"]
[White "Schou Moldt, Thomas"]
[Black "Larsen, Karsten"]
[Result "1/2-1/2"]
[WhiteElo "2226"]
[BlackElo "2297"]
[PlyCount "99"]
[EventDate "2012.10.12"]
[EventType "tourn"]
[EventRounds "9"]
[EventCountry "DEN"]
[EventCategory "2"]
[SourceTitle "EXT 2013"]
[Source "ChessBase"]
[SourceDate "2012.11.22"]

1. e4 g6 2. d4 c6 3. Nc3 d5 4. h3 Bg7 5. Nf3 dxe4 6. Nxe4 Nd7 7. Bc4 Ngf6 8.
Nxf6+ Nxf6 9. O-O O-O 10. Re1 e6 11. Bg5 Qb6 12. Bb3 a5 13. a4 Nd5 14. c3 f6
15. Bd2 Qc7 16. Re4 Bd7 17. Bc2 Rae8 18. c4 Nb4 19. Bxb4 axb4 20. Qd2 c5 21.
dxc5 f5 22. Re3 Bxb2 23. Rd1 Bc6 24. Qxb4 Bf6 25. Nd4 Bxd4 26. Rxd4 e5 27. Rd6
e4 28. Qe1 Qe7 29. f4 Ra8 30. a5 Qc7 31. Ra3 Rfe8 32. Qe3 Rxa5 33. Rxa5 Qxa5
34. Kh2 Qa1 35. h4 Qg7 36. Bd1 Qe7 37. Kh3 Ra8 38. g4 Qg7 39. Rd2 Qa1 40. gxf5
Ra3 41. Bb3 Qh1+ 42. Kg4 Qf3+ 43. Qxf3 exf3 44. Bd1 Kf7 45. fxg6+ hxg6 46. Kg3
Kf6 47. Rd6+ Kg7 48. Rd2 Rc3 49. Rf2 Rxc4 50. Bxf3 1/2-1/2

[Event "Copenhagen BSF IM"]
[Site "Copenhagen"]
[Date "2012.10.12"]
[Round "1"]
[White "Schou Moldt, Thomas"]
[Black "Lokander, Martin"]
[Result "1-0"]
[WhiteElo "2226"]
[BlackElo "2250"]
[PlyCount "85"]
[EventDate "2012.10.12"]
[EventType "tourn"]
[EventRounds "9"]
[EventCountry "DEN"]
[EventCategory "2"]
[SourceTitle "EXT 2013"]
[Source "ChessBase"]
[SourceDate "2012.11.22"]

1. e4 e6 2. d3 d5 3. Nd2 Nf6 4. Ngf3 Nc6 5. Be2 Bd6 6. c3 O-O 7. Qc2 e5 8. Nf1
h6 9. h3 dxe4 10. dxe4 Ne7 11. g4 Nh7 12. Be3 Ng6 13. O-O-O Qe7 14. Ng3 Bc5 15.
Kb1 Bxe3 16. fxe3 Nh4 17. Nf5 Bxf5 18. exf5 Ng2 19. Rdg1 Nh4 20. g5 hxg5 21.
Nxh4 gxh4 22. Qe4 c6 23. Rh2 Kh8 24. Rhg2 Qf6 25. Rg4 Rad8 26. Bd3 c5 27. Bc2
b5 28. Rxh4 c4 29. a3 Rd2 30. Rhg4 Rg8 31. R1g2 Rxg2 32. Rxg2 Re8 33. h4 Qh6
34. Qb7 Qxh4 35. Qxf7 Re7 36. Qd5 Nf6 37. Qa8+ Kh7 38. Ka2 Rd7 39. Rg1 e4 40.
Rg2 Re7 41. Qb8 Qh6 42. Rh2 Nh5 43. Bd1 1-0

[Event "Copenhagen BSF IM"]
[Site "Copenhagen"]
[Date "2012.10.14"]
[Round "4"]
[White "Schou Moldt, Thomas"]
[Black "Skousen, Nikolai"]
[Result "1-0"]
[WhiteElo "2226"]
[BlackElo "2198"]
[PlyCount "71"]
[EventDate "2012.10.12"]
[EventType "tourn"]
[EventRounds "9"]
[EventCountry "DEN"]
[EventCategory "2"]
[SourceTitle "EXT 2013"]
[Source "ChessBase"]
[SourceDate "2012.11.22"]

1. e4 d6 2. d4 Nf6 3. Nc3 c6 4. a4 Qa5 5. Bd3 e5 6. Nge2 Be7 7. O-O O-O 8. Bd2
Qc7 9. dxe5 dxe5 10. Ng3 a5 11. Kh1 Na6 12. Bc4 Nc5 13. Qb1 Be6 14. Qa2 Bxc4
15. Qxc4 Ne6 16. Nce2 Rad8 17. Bc3 b6 18. Nf5 Bc5 19. f3 Rd7 20. g3 Rfd8 21.
Rab1 g6 22. Nh6+ Kg7 23. f4 Nd4 24. fxe5 Qxe5 25. Rf4 Kxh6 26. Rbf1 Nh5 27. Bd2
g5 28. Rh4 Kg6 29. Nxd4 Qxd4 30. Qe2 Nf6 31. Bc3 gxh4 32. Bxd4 Bxd4 33. e5 Ne8
34. Qg4+ Kh6 35. Rf5 Ng7 36. Qg5# 1-0

[Event "Copenhagen BSF IM"]
[Site "Copenhagen"]
[Date "2012.10.14"]
[Round "5"]
[White "Semcesen, Daniel"]
[Black "Cederstam Barsk, Carl"]
[Result "1-0"]
[WhiteElo "2471"]
[BlackElo "2216"]
[PlyCount "103"]
[EventDate "2012.10.12"]
[EventType "tourn"]
[EventRounds "9"]
[EventCountry "DEN"]
[EventCategory "2"]
[SourceTitle "EXT 2013"]
[Source "ChessBase"]
[SourceDate "2012.11.22"]

1. d4 g6 2. c4 Bg7 3. e4 d6 4. Nf3 c5 5. d5 Nd7 6. Bd3 Ngf6 7. h3 a6 8. a4 O-O
9. O-O Ne5 10. Nxe5 dxe5 11. a5 Ne8 12. Be3 Qc7 13. Nc3 Bd7 14. Na4 Bxa4 15.
Qxa4 f5 16. f3 fxe4 17. fxe4 Nf6 18. b4 Nd7 19. Be2 h5 20. Qa3 Rf4 21. Bf3 Rc8
22. Rab1 Bf8 23. b5 Bg7 24. bxa6 bxa6 25. Qa4 Rff8 26. Rb3 Rb8 27. Rfb1 Rxb3
28. Rxb3 Rc8 29. g4 Rf8 30. Bd2 Qd6 31. Qc6 hxg4 32. hxg4 Rb8 33. Rxb8+ Nxb8
34. Qe8+ Kh7 35. g5 Nd7 36. Bg4 Nf8 37. Qc8 e6 38. Be3 Qe7 39. Qxc5 Qb7 40. Qb6
Qe7 41. d6 Qd7 42. Bd1 Qc8 43. c5 Nd7 44. Qc7 Qa8 45. Bc2 Nb8 46. d7 Nc6 47.
Qc8 Qa7 48. Qxc6 Qb8 49. Qb6 Qa8 50. d8=Q Qb7 51. Qxe6 Qf7 52. Qh3+ 1-0

[Event "Copenhagen BSF IM"]
[Site "Copenhagen"]
[Date "2012.10.13"]
[Round "2"]
[White "Semcesen, Daniel"]
[Black "Fries Nielsen, Niels Jorgen"]
[Result "1-0"]
[WhiteElo "2471"]
[BlackElo "2313"]
[PlyCount "85"]
[EventDate "2012.10.12"]
[EventType "tourn"]
[EventRounds "9"]
[EventCountry "DEN"]
[EventCategory "2"]
[SourceTitle "EXT 2013"]
[Source "ChessBase"]
[SourceDate "2012.11.22"]

1. d4 Nf6 2. c4 c5 3. d5 b5 4. Nf3 d6 5. Qc2 g6 6. e4 Bg7 7. cxb5 a6 8. Nc3 O-O
9. a4 axb5 10. Bxb5 Na6 11. O-O Ne8 12. Bf4 Nec7 13. Bc4 Bg4 14. Nd2 Nb4 15.
Qb1 e6 16. h3 exd5 17. hxg4 dxc4 18. Nxc4 Ra6 19. Qd1 Bd4 20. Ne2 Ne6 21. Bd2
Nc6 22. Nxd4 Nexd4 23. Ne3 Qh4 24. Bc3 Rfa8 25. Nd5 Ne5 26. f3 Nec6 27. Rf2
R6a7 28. Ra3 f5 29. gxf5 gxf5 30. exf5 Re8 31. f4 Rf7 32. Bxd4 Nxd4 33. f6 Qh6
34. Qg4+ Kh8 35. Rh3 Qf8 36. Kh2 Nc6 37. Re2 Ra8 38. b3 Rb7 39. Ree3 Qf7 40.
Rxh7+ Qxh7+ 41. Rh3 Rg8 42. Qd1 Nd4 43. Ne7 1-0

[Event "Copenhagen BSF IM"]
[Site "Copenhagen"]
[Date "2012.10.15"]
[Round "7"]
[White "Semcesen, Daniel"]
[Black "Schou Moldt, Thomas"]
[Result "1-0"]
[WhiteElo "2471"]
[BlackElo "2226"]
[PlyCount "125"]
[EventDate "2012.10.12"]
[EventType "tourn"]
[EventRounds "9"]
[EventCountry "DEN"]
[EventCategory "2"]
[SourceTitle "EXT 2013"]
[Source "ChessBase"]
[SourceDate "2012.11.22"]

1. d4 Nf6 2. c4 g6 3. Nc3 Bg7 4. e4 d6 5. h3 O-O 6. Nf3 e5 7. dxe5 dxe5 8. Be3
Qe7 9. Nd5 Nxd5 10. cxd5 Qb4+ 11. Nd2 c6 12. Qc2 Re8 13. Bc4 cxd5 14. Bxd5 Na6
15. O-O Be6 16. Bxe6 Rxe6 17. Rac1 Rc6 18. Qb3 Rxc1 19. Rxc1 Qxb3 20. Nxb3 b6
21. a3 Kf8 22. Kf1 Ke7 23. Ke2 Rd8 24. a4 Rb8 25. Rc2 Kd7 26. Nc1 Bf8 27. Nd3
Bd6 28. g3 Re8 29. Rc1 f5 30. f3 Rb8 31. exf5 gxf5 32. g4 Ke6 33. Rc4 Kd5 34.
b3 f4 35. Bf2 b5 36. Rc2 bxa4 37. bxa4 Rb7 38. h4 Nb4 39. Rb2 a5 40. Be1 e4 41.
fxe4+ Kxe4 42. Nf2+ Ke5 43. Kf3 Ra7 44. Ne4 Bf8 45. Re2 Kd5 46. Bf2 Rf7 47. Ng5
Rb7 48. Nh3 Nd3 49. Nxf4+ Nxf4 50. Kxf4 Rb4+ 51. Kf5 Rxa4 52. h5 Bd6 53. Rd2+
Kc6 54. Bd4 Rc4 55. g5 Rc1 56. h6 a4 57. g6 Rf1+ 58. Ke6 Re1+ 59. Kf7 Re7+ 60.
Kg8 Bf4 61. Rc2+ Kd7 62. gxh7 Bxh6 63. h8=Q 1-0

[Event "Copenhagen BSF IM"]
[Site "Copenhagen"]
[Date "2012.10.16"]
[Round "8"]
[White "Skousen, Nikolai"]
[Black "Fries Nielsen, Niels Jorgen"]
[Result "1/2-1/2"]
[WhiteElo "2198"]
[BlackElo "2313"]
[PlyCount "20"]
[EventDate "2012.10.12"]
[EventType "tourn"]
[EventRounds "9"]
[EventCountry "DEN"]
[EventCategory "2"]
[SourceTitle "EXT 2013"]
[Source "ChessBase"]
[SourceDate "2012.11.22"]

1. c4 g6 2. g3 Bg7 3. Bg2 e6 4. Nc3 Ne7 5. e4 d5 6. exd5 exd5 7. cxd5 c6 8.
dxc6 Nbxc6 9. Nge2 Bf5 10. d4 Bxd4 1/2-1/2

[Event "Copenhagen BSF IM"]
[Site "Copenhagen"]
[Date "2012.10.13"]
[Round "3"]
[White "Skousen, Nikolai"]
[Black "Gergacz, Attila"]
[Result "0-1"]
[WhiteElo "2198"]
[BlackElo "2393"]
[PlyCount "114"]
[EventDate "2012.10.12"]
[EventType "tourn"]
[EventRounds "9"]
[EventCountry "DEN"]
[EventCategory "2"]
[SourceTitle "EXT 2013"]
[Source "ChessBase"]
[SourceDate "2012.11.22"]

1. c4 e5 2. g3 Nf6 3. Bg2 Bc5 4. Nc3 O-O 5. a3 a5 6. e3 Nc6 7. Nge2 d6 8. O-O
Bf5 9. d4 Bb6 10. h3 exd4 11. exd4 h6 12. Be3 Re8 13. Nf4 Ne4 14. Ncd5 a4 15.
Nxb6 cxb6 16. Nd5 Ne7 17. Nxe7+ Rxe7 18. Kh2 d5 19. Rc1 dxc4 20. Rxc4 b5 21.
Rb4 Qd7 22. d5 Re5 23. Rd4 g5 24. Qh5 Qd6 25. Qf3 Rc8 26. Rc1 Rce8 27. Rcd1 Bg6
28. Kg1 f5 29. h4 Nf6 30. hxg5 hxg5 31. Bxg5 Bh5 32. Qc3 Bxd1 33. Rxd1 Ne4 34.
Bxe4 Rxe4 35. Kg2 Rc4 36. Qf3 Qg6 37. Bf4 Qg4 38. Qxg4+ fxg4 39. d6 Rd8 40. d7
Rc5 41. Rd4 Kf7 42. Bd6 Rc4 43. Be5 Rxd4 44. Bxd4 Rxd7 45. Bc3 Rd3 46. Kf1 Ke6
47. Ke2 Rf3 48. Bh8 Kd5 49. Bg7 Kc4 50. Bh8 b4 51. axb4 Kxb4 52. Bg7 Kb3 53.
Bh8 b5 54. Bg7 b4 55. Bh8 a3 56. bxa3 Kxa3 57. Bg7 b3 0-1

[Event "Copenhagen BSF IM"]
[Site "Copenhagen"]
[Date "2012.10.14"]
[Round "5"]
[White "Skousen, Nikolai"]
[Black "Kenneskog, Theodor"]
[Result "1-0"]
[WhiteElo "2198"]
[BlackElo "2203"]
[PlyCount "55"]
[EventDate "2012.10.12"]
[EventType "tourn"]
[EventRounds "9"]
[EventCountry "DEN"]
[EventCategory "2"]
[SourceTitle "EXT 2013"]
[Source "ChessBase"]
[SourceDate "2012.11.22"]

1. c4 g6 2. g3 Bg7 3. Bg2 c5 4. Nc3 Nc6 5. a3 a5 6. Nf3 d6 7. O-O e5 8. Ne1 Be6
9. Nd5 h5 10. d3 h4 11. Rb1 Rb8 12. Bd2 Nh6 13. b4 axb4 14. axb4 Ng4 15. h3
Nxf2 16. Rxf2 hxg3 17. Rf3 e4 18. dxe4 Bxh3 19. Rxg3 Bxg2 20. Nxg2 Be5 21. Bf4
Bxf4 22. Ndxf4 cxb4 23. Nd5 Qa5 24. Qf1 Qc5+ 25. e3 b6 26. Qf6 Rh5 27. Rf1 Rb7
28. Rxg6 1-0

[Event "Copenhagen BSF IM"]
[Site "Copenhagen"]
[Date "2012.10.15"]
[Round "7"]
[White "Skousen, Nikolai"]
[Black "Lokander, Martin"]
[Result "0-1"]
[WhiteElo "2198"]
[BlackElo "2250"]
[PlyCount "56"]
[EventDate "2012.10.12"]
[EventType "tourn"]
[EventRounds "9"]
[EventCountry "DEN"]
[EventCategory "2"]
[SourceTitle "EXT 2013"]
[Source "ChessBase"]
[SourceDate "2012.11.22"]

1. c4 e5 2. g3 c6 3. Bg2 d5 4. cxd5 cxd5 5. d4 e4 6. Nc3 Nc6 7. Nh3 Bb4 8. O-O
h6 9. f3 Nf6 10. fxe4 dxe4 11. e3 O-O 12. Nf2 Bxc3 13. bxc3 Bf5 14. Rb1 Qa5 15.
Rxb7 Qxa2 16. Rb5 Bg6 17. h4 a5 18. h5 Bh7 19. g4 a4 20. g5 hxg5 21. Rxg5 Ra5
22. Nh3 Rfa8 23. Rxf6 Rxg5 24. Nxg5 gxf6 25. Nxh7 Kxh7 26. Bxe4+ f5 27. Bxc6
Rg8+ 28. Kh1 Qf2 0-1

[Event "Copenhagen BSF IM"]
[Site "Copenhagen"]
[Date "2012.10.12"]
[Round "1"]
[White "Skousen, Nikolai"]
[Black "Semcesen, Daniel"]
[Result "0-1"]
[WhiteElo "2198"]
[BlackElo "2471"]
[PlyCount "94"]
[EventDate "2012.10.12"]
[EventType "tourn"]
[EventRounds "9"]
[EventCountry "DEN"]
[EventCategory "2"]
[SourceTitle "EXT 2013"]
[Source "ChessBase"]
[SourceDate "2012.11.22"]

1. c4 f5 2. g3 Nf6 3. Bg2 g6 4. Nc3 Bg7 5. d3 O-O 6. e4 fxe4 7. dxe4 d6 8. Nge2
c5 9. O-O Nc6 10. h3 e5 11. Nd5 Be6 12. Kh2 Qd7 13. Bg5 Kh8 14. Qd2 Rae8 15.
Rad1 Ng8 16. Be3 Nd4 17. Bxd4 exd4 18. Nef4 Bh6 19. Qc2 Bxf4 20. Nxf4 Rxf4 21.
gxf4 Qf7 22. b3 Qxf4+ 23. Kg1 Nf6 24. Qd2 Qh4 25. Qd3 Nh5 26. Kh2 Rf8 27. Rd2
Nf4 28. Qg3 Nxg2 29. Kxg2 Bxh3+ 30. Qxh3 Qg5+ 31. Qg3 Qxd2 32. Qxd6 Qg5+ 33.
Qg3 Qxg3+ 34. Kxg3 g5 35. Rd1 a5 36. a3 b6 37. b4 Kg7 38. f3 h5 39. bxc5 bxc5
40. Rb1 Kg6 41. Rb5 h4+ 42. Kg2 d3 43. Rb2 Rd8 44. Rd2 Kf6 45. Kf2 Ke5 46. Ke3
h3 47. a4 Rd7 0-1